|
|
|
|
| LEADER |
00736nab a2200181 i 4500 |
| 001 |
misc11195 |
| 005 |
20191106142014.0 |
| 008 |
170607s1939 hu o 0|| hun d |
| 022 |
|
|
|a 0025-0260
|
| 040 |
|
|
|a SZTE Miscellanea Repozitórium
|b hun
|
| 041 |
|
|
|a hun
|
| 100 |
1 |
|
|a Fraknóy József
|
| 245 |
1 |
2 |
|a A kísérlet szerepe a természettudományok tanításában
|h [elektronikus dokumentum] /
|c Fraknóy József
|
| 260 |
|
|
|c 1939
|
| 300 |
|
|
|a 121-128
|
| 490 |
0 |
|
|a Magyar pedagógia : a Magyar Tudományos Akadémia Pedagógiai Bizottságának folyóirata
|v 48
|
| 695 |
|
|
|a Természettudományok tanítása módszertan, Természettudományok tanítása
|
| 856 |
4 |
0 |
|u http://misc.bibl.u-szeged.hu/11195/1/mp_1939_3800_121-128.pdf
|z Dokumentum-elérés
|